000 00442nam a22001697a 4500
003 NUST - PNEC
005 20170116181137.0
008 151007b xxu||||| |||| 00| 0 eng d
020 _a047196087X
040 _cLIBRARY
082 _a697 ETH
100 _914390
_aEtheridge, David
245 _aBuilding ventilation : theory and measurement
_cDavid Etheridge
260 _cc.1996
650 _914391
_aVentilation
_xMIS
942 _2ddc
_cBK
999 _c70298
_d70298